LEADER 02103nam0 22004693i 450 001 VAN0226165 005 20230605095134.241 017 70$2N$a9783030384562 100 $a20211013d2020 |0itac50 ba 101 $aeng 102 $aCH 105 $a|||| ||||| 200 1 $aClassical Physics$ea Two-Semester Coursebook$fBekir Karaoglu 210 $aCham$cSpringer$d2020 215 $aviii, 408 p.$cill.$d24 cm 500 1$3VAN0226166$aClassical Physics : a Two-Semester Coursebook$91879298 606 $a70-XX$xMechanics of particles and systems [MSC 2020]$3VANC021390$2MF 606 $a78-XX$xOptics, electromagnetic theory [MSC 2020]$3VANC022356$2MF 606 $a80-XX$xClassical thermodynamics, heat transfer [MSC 2020]$3VANC022357$2MF 606 $a74-XX$xMechanics of deformable solids [MSC 2020]$3VANC022466$2MF 606 $a00A79 (77-XX)$xPhysics [MSC 2020]$3VANC023182$2MF 610 $aClassical physics$9KW:K 610 $aElectromagnetism$9KW:K 610 $aElementary Mechanics$9KW:K 610 $aEnergy in general physics textbook$9KW:K 610 $aNewton?s laws of motion$9KW:K 610 $aPhysics textbook for engineering students$9KW:K 610 $aPhysics textbook for medicine students$9KW:K 610 $aThermodynamics laws$9KW:K 610 $aUndergraduate physics textbook$9KW:K 610 $aWaves in general physics textbook$9KW:K 620 $aCH$dCham$3VANL001889 700 1$aKaraoglu$bBekir$3VANV190028$0841967 712 $aSpringer $3VANV108073$4650 801 $aIT$bSOL$c20240614$gRICA 856 4 $uhttp://doi.org/10.1007/978-3-030-38456-2$zE-book ? Accesso al full-text attraverso riconoscimento IP di Ateneo, proxy e/o Shibboleth 899 $aBIBLIOTECA DEL DIPARTIMENTO DI MATEMATICA E FISICA$1IT-CE0120$2VAN08 912 $fN 912 $aVAN0226165 950 $aBIBLIOTECA DEL DIPARTIMENTO DI MATEMATICA E FISICA$d08CONS e-book 4183 $e08eMF4183 20211013 996 $aClassical Physics : a Two-Semester Coursebook$91879298 997 $aUNICAMPANIA LEADER 02441nam0 22005413i 450 001 VAN0249581 005 20230531094429.523 017 70$2N$a9783030371418 100 $a20220905d2020 |0itac50 ba 101 $aeng 102 $aCH 105 $a|||| ||||| 200 1 $aNumerical Solutions of Realistic Nonlinear Phenomena$fJ. A. Tenreiro Machado, Necati Özdemir, Dumitru Baleanu editors 210 $aCham$cSpringer$d2020 215 $aviii, 233 p.$cill.$d24 cm 410 1$1001VAN0107800$12001 $aNonlinear Systems and Complexity$1210 $aBerlin [etc.]$cSpringer$d2012-$v31 500 1$3VAN0249582$aNumerical Solutions of Realistic Nonlinear Phenomena$92379876 606 $a65-XX$xNumerical analysis [MSC 2020]$3VANC019772$2MF 606 $a00B25$xProceedings of conferences of miscellaneous specific interest [MSC 2020]$3VANC020732$2MF 610 $aAbel integral equations$9KW:K 610 $aAsset price dynamics$9KW:K 610 $aAuxiliary function methods$9KW:K 610 $aBurger-Fisher equation$9KW:K 610 $aComplexity$9KW:K 610 $aEpidemic models$9KW:K 610 $aFractional order differential equations$9KW:K 610 $aGlobal optimization$9KW:K 610 $aHidden Markov models$9KW:K 610 $aHybrid methods for optimization$9KW:K 610 $aMathematical Finance$9KW:K 610 $aNon-singular fractional operators$9KW:K 610 $aNonlinear Partial Differential Equations$9KW:K 610 $aPartial differential equations$9KW:K 610 $aParticle Swarm Optimization$9KW:K 610 $aUnconstrained differentiable optimization$9KW:K 620 $aCH$dCham$3VANL001889 702 1$aBaleanu$bDumitru$3VANV204029 702 1$aÖzdemir$bNecati$3VANV204028 702 1$aTenreiro Machado$bJosé A.$3VANV171152 712 $aSpringer $3VANV108073$4650 801 $aIT$bSOL$c20240614$gRICA 856 4 $uhttp://doi.org/10.1007/978-3-030-37141-8$zE-book ? Accesso al full-text attraverso riconoscimento IP di Ateneo, proxy e/o Shibboleth 899 $aBIBLIOTECA DEL DIPARTIMENTO DI MATEMATICA E FISICA$1IT-CE0120$2VAN08 912 $fN 912 $aVAN0249581 950 $aBIBLIOTECA DEL DIPARTIMENTO DI MATEMATICA E FISICA$d08CONS e-book 4771 $e08eMF4771 20220905 996 $aNumerical Solutions of Realistic Nonlinear Phenomena$92379876 997 $aUNICAMPANIA